[Event "George Trundle NZ Qualifiers 2017"]
[Site "Auckland, NZL"]
[Date "2017.10.04"]
[Round "5.1"]
[White "Morrell, Gordon"]
[Black "Nyberg, Michael"]
[Result "0-1"]
[BlackElo "1881"]
[WhiteElo "2030"]
[LiveChessVersion "1.4.8"]

1. c4 {[%clk 1:30:58]} Nf6 {[%clk 1:28:59]} 2. Nc3 {[%clk 1:31:10]} c6
{[%clk 1:29:11]} 3. e4 {[%clk 1:30:30]} d5 {[%clk 1:28:09]} 4. cxd5
{[%clk 1:28:37]} cxd5 {[%clk 1:27:37]} 5. e5 {[%clk 1:24:15]} d4 {[%clk 1:27:00]}
6. Qa4+ {[%clk 1:20:53]} Nc6 {[%clk 1:24:53]} 7. exf6 {[%clk 1:09:13]} dxc3
{[%clk 1:19:59]} 8. dxc3 {[%clk 1:02:56]} exf6 {[%clk 1:17:25]} 9. Be3
{[%clk 0:58:21]} Bd6 {[%clk 1:07:57]} 10. Bb5 {[%clk 0:54:38]} Bd7
{[%clk 1:06:37]} 11. O-O-O {[%clk 0:48:49]} Qe7 {[%clk 1:06:19]} 12. Nf3
{[%clk 0:35:23]} O-O {[%clk 0:58:20]} 13. Rhe1 {[%clk 0:27:14]} a6
{[%clk 0:52:34]} 14. Bxc6 {[%clk 0:26:42]} Bxc6 {[%clk 0:52:37]} 15. Qg4
{[%clk 0:26:59]} f5 {[%clk 0:49:59]} 16. Qxf5 {[%clk 0:24:42]} Be4
{[%clk 0:48:45]} 17. Qa5 {[%clk 0:11:42]} b5 {[%clk 0:35:37]} 18. Nd2
{[%clk 0:06:17]} Bg6 {[%clk 0:29:57]} 19. Bf4 {[%clk 0:02:05]} Qf6
{[%clk 0:28:40]} 20. Bxd6 {[%clk 0:00:52]} Qxd6 {[%clk 0:29:02]} 21. g3
{[%clk 0:00:56]} Qc6 {[%clk 0:18:04]} 22. Nb3 {[%clk 0:00:48]} Qf3
{[%clk 0:17:00]} 23. Qb6 {[%clk 0:00:51]} Qf5 {[%clk 0:17:04]} 24. Nd4
{[%clk 0:00:34]} Qb1+ {[%clk 0:17:21]} 25. Kd2 {[%clk 0:01:01]} Qxb2+
{[%clk 0:17:44]} 26. Ke3 {[%clk 0:01:09]} Qxc3+ {[%clk 0:17:28]} 27. Kf4
{[%clk 0:01:20]} Rfd8 {[%clk 0:13:22]} 28. Nc6 {[%clk 0:00:58]} Qf6+
{[%clk 0:12:57]} 29. Ke3 {[%clk 0:01:16]} Re8+ {[%clk 0:12:07]} 30. Kd4 0-1

[Event "George Trundle NZ Qualifiers 2017"]
[Site "Auckland, NZL"]
[Date "2017.10.04"]
[Round "5.2"]
[White "Nicholls, Leighton"]
[Black "Goodhue, Nathan"]
[Result "1-0"]
[BlackElo "1976"]
[WhiteElo "1902"]
[LiveChessVersion "1.4.8"]

1. e4 {[%clk 1:30:57]} c5 {[%clk 1:12:43]} 2. Nf3 {[%clk 1:31:16]} Nc6
{[%clk 1:13:11]} 3. d4 {[%clk 1:31:38]} cxd4 {[%clk 1:13:36]} 4. Nxd4
{[%clk 1:32:00]} e5 {[%clk 1:14:01]} 5. Nb5 {[%clk 1:32:14]} d6 {[%clk 1:14:29]}
6. N1c3 {[%clk 1:32:24]} a6 {[%clk 1:14:58]} 7. Na3 {[%clk 1:32:41]} b5
{[%clk 1:15:15]} 8. Nd5 {[%clk 1:32:48]} Nf6 {[%clk 1:15:34]} 9. Be3
{[%clk 1:24:26]} Be6 {[%clk 1:14:16]} 10. Bb6 {[%clk 1:20:57]} Qb8
{[%clk 1:11:19]} 11. Nc7+ {[%clk 1:19:13]} Kd7 {[%clk 1:11:38]} 12. Nxa8
{[%clk 1:17:54]} Nxe4 {[%clk 1:11:52]} 13. Bd3 {[%clk 1:10:37]} Nf6
{[%clk 1:12:00]} 14. O-O {[%clk 1:09:27]} Qxa8 {[%clk 1:11:24]} 15. c3
{[%clk 1:04:20]} Nd5 {[%clk 1:10:20]} 16. Be3 {[%clk 1:04:21]} f5
{[%clk 1:10:14]} 17. Nc2 {[%clk 1:01:05]} f4 {[%clk 1:09:14]} 18. Bd2
{[%clk 1:01:02]} Nb6 {[%clk 0:59:19]} 19. Qe2 {[%clk 0:51:45]} d5
{[%clk 0:55:00]} 20. a4 {[%clk 0:40:28]} bxa4 {[%clk 0:48:33]} 21. Rfe1
{[%clk 0:36:46]} g5 {[%clk 0:44:39]} 22. Nd4 {[%clk 0:31:52]} Nxd4
{[%clk 0:37:42]} 23. Qxe5 {[%clk 0:31:38]} Bd6 {[%clk 0:34:34]} 24. Qg7+
{[%clk 0:27:34]} Kc6 {[%clk 0:30:06]} 25. cxd4 {[%clk 0:25:12]} Rg8
{[%clk 0:28:08]} 26. Rac1+ {[%clk 0:23:22]} Nc4 {[%clk 0:28:22]} 27. Qf6
{[%clk 0:20:19]} Bd7 {[%clk 0:27:33]} 28. Rxc4+ {[%clk 0:18:40]} 1-0

[Event "George Trundle NZ Qualifiers 2017"]
[Site "Auckland, NZL"]
[Date "2017.10.04"]
[Round "5.3"]
[White "Fan, Allen Chi Zhou"]
[Black "Macdonald, Paul"]
[Result "1-0"]
[BlackElo "2033"]
[WhiteElo "2077"]
[LiveChessVersion "1.4.8"]

1. Nf3 {[%clk 1:30:56]} d6 {[%clk 1:28:14]} 2. g3 {[%clk 1:30:50]} e5
{[%clk 1:28:37]} 3. d3 {[%clk 1:27:52]} f5 {[%clk 1:28:59]} 4. Bg2
{[%clk 1:28:16]} Nf6 {[%clk 1:29:01]} 5. O-O {[%clk 1:28:32]} Be7
{[%clk 1:28:49]} 6. c4 {[%clk 1:28:40]} O-O {[%clk 1:29:13]} 7. Nc3
{[%clk 1:26:29]} a5 {[%clk 1:25:44]} 8. a3 {[%clk 1:14:18]} c6 {[%clk 1:25:57]}
9. Rb1 {[%clk 1:11:20]} Na6 {[%clk 1:26:17]} 10. b4 {[%clk 1:10:28]} axb4
{[%clk 1:26:34]} 11. axb4 {[%clk 1:10:50]} Nc7 {[%clk 1:26:47]} 12. Qb3
{[%clk 1:09:54]} Ne6 {[%clk 1:23:25]} 13. Bd2 {[%clk 0:51:42]} Qc7
{[%clk 1:11:18]} 14. Ra1 {[%clk 0:47:03]} Bd7 {[%clk 1:10:45]} 15. b5
{[%clk 0:44:16]} Nc5 {[%clk 0:58:25]} 16. Qb2 {[%clk 0:44:13]} e4
{[%clk 0:56:29]} 17. b6 {[%clk 0:41:53]} Qc8 {[%clk 0:56:12]} 18. Rxa8
{[%clk 0:41:13]} Qxa8 {[%clk 0:56:40]} 19. Ra1 {[%clk 0:41:00]} Qc8
{[%clk 0:53:03]} 20. Ne1 {[%clk 0:40:03]} exd3 {[%clk 0:44:49]} 21. exd3
{[%clk 0:39:54]} Be6 {[%clk 0:38:13]} 22. Be3 {[%clk 0:34:27]} Ng4
{[%clk 0:37:44]} 23. d4 {[%clk 0:31:47]} Nxe3 {[%clk 0:30:10]} 24. fxe3
{[%clk 0:32:07]} Ne4 {[%clk 0:30:33]} 25. Nxe4 {[%clk 0:29:47]} fxe4
{[%clk 0:30:51]} 26. Bxe4 {[%clk 0:25:48]} Bxc4 {[%clk 0:29:54]} 27. Qc2
{[%clk 0:23:44]} d5 {[%clk 0:26:05]} 28. Bxh7+ {[%clk 0:23:11]} Kh8
{[%clk 0:26:34]} 29. Ng2 {[%clk 0:19:31]} c5 {[%clk 0:20:19]} 30. Nf4
{[%clk 0:17:10]} Rxf4 {[%clk 0:18:11]} 31. exf4 {[%clk 0:17:04]} Ba6
{[%clk 0:14:31]} 32. Re1 {[%clk 0:15:45]} Bf8 {[%clk 0:08:11]} 33. Bf5
{[%clk 0:14:11]} 1-0

[Event "George Trundle NZ Qualifiers 2017"]
[Site "Auckland, NZL"]
[Date "2017.10.04"]
[Round "5.4"]
[White "Polishchuk, Kirill"]
[Black "Milligan, Helen"]
[Result "1-0"]
[BlackElo "2007"]
[WhiteElo "2134"]
[LiveChessVersion "1.4.8"]

1. e4 {[%clk 1:30:59]} e5 {[%clk 1:30:53]} 2. Nf3 {[%clk 1:29:36]} Nc6
{[%clk 1:31:17]} 3. Nc3 {[%clk 1:30:03]} Nf6 {[%clk 1:29:55]} 4. Be2
{[%clk 1:30:26]} d6 {[%clk 1:25:47]} 5. d4 {[%clk 1:30:35]} Bg4 {[%clk 1:22:55]}
6. d5 {[%clk 1:25:19]} Ne7 {[%clk 1:20:19]} 7. Be3 {[%clk 1:22:04]} Ng6
{[%clk 1:16:29]} 8. h3 {[%clk 1:18:17]} Bd7 {[%clk 1:10:22]} 9. Qd2
{[%clk 1:05:24]} Be7 {[%clk 1:09:55]} 10. O-O-O {[%clk 1:00:36]} O-O
{[%clk 1:06:38]} 11. g4 {[%clk 0:56:39]} c6 {[%clk 1:04:50]} 12. Nh2
{[%clk 0:50:55]} Qa5 {[%clk 1:00:32]} 13. g5 {[%clk 0:48:45]} Ne8
{[%clk 1:00:50]} 14. h4 {[%clk 0:40:23]} f5 {[%clk 0:59:20]} 15. gxf6
{[%clk 0:38:20]} Nxf6 {[%clk 0:58:28]} 16. h5 {[%clk 0:33:40]} Nf4
{[%clk 0:57:41]} 17. h6 {[%clk 0:33:19]} g6 {[%clk 0:56:57]} 18. Rhg1
{[%clk 0:30:37]} cxd5 {[%clk 0:54:46]} 19. Bxf4 {[%clk 0:27:07]} exf4
{[%clk 0:54:20]} 20. exd5 {[%clk 0:21:43]} Bf5 {[%clk 0:49:58]} 21. Bd3
{[%clk 0:20:27]} Nd7 {[%clk 0:49:45]} 22. Bxf5 {[%clk 0:19:31]} Rxf5
{[%clk 0:50:03]} 23. Qd3 {[%clk 0:18:49]} Raf8 {[%clk 0:49:44]} 24. Nf3
{[%clk 0:17:29]} Nc5 {[%clk 0:49:32]} 25. Qe2 {[%clk 0:16:49]} Bf6
{[%clk 0:48:34]} 26. Nd4 {[%clk 0:16:50]} f3 {[%clk 0:44:51]} 27. Qd2
{[%clk 0:13:32]} Rh5 {[%clk 0:42:05]} 28. Rde1 {[%clk 0:07:03]} Be5
{[%clk 0:40:21]} 29. Kb1 {[%clk 0:05:14]} Na4 {[%clk 0:35:31]} 30. Qd3
{[%clk 0:01:56]} Nxc3+ {[%clk 0:35:22]} 31. bxc3 {[%clk 0:01:32]} Rxh6
{[%clk 0:30:14]} 32. Rxe5 {[%clk 0:01:08]} dxe5 {[%clk 0:30:26]} 33. Ne6
{[%clk 0:01:17]} Qb6+ {[%clk 0:27:37]} 34. Ka1 {[%clk 0:01:24]} Re8
{[%clk 0:25:07]} 35. Qxf3 {[%clk 0:01:37]} Rxe6 {[%clk 0:24:36]} 36. dxe6
{[%clk 0:02:01]} Qxe6 {[%clk 0:24:34]} 37. Qxb7 {[%clk 0:02:06]} Qd6
{[%clk 0:18:46]} 38. Qa8+ {[%clk 0:02:29]} Qf8 {[%clk 0:17:25]} 39. Qd5+
{[%clk 0:02:53]} Qf7 {[%clk 0:17:25]} 40. Qxe5 {[%clk 0:32:49]} Qb7
{[%clk 0:42:15]} 41. Qe8+ {[%clk 0:23:17]} Kg7 {[%clk 0:42:38]} 42. Qe5+
{[%clk 0:23:41]} Kg8 {[%clk 0:42:59]} 43. f3 {[%clk 0:20:49]} Qxf3
{[%clk 0:39:59]} 44. Qb8+ {[%clk 0:21:11]} Kg7 {[%clk 0:39:46]} 45. Qxa7+
{[%clk 0:21:25]} Kg8 {[%clk 0:39:40]} 46. Qb8+ {[%clk 0:21:17]} Kg7
{[%clk 0:39:37]} 47. Qc7+ {[%clk 0:20:46]} Kg8 {[%clk 0:39:47]} 48. Qc4+
{[%clk 0:19:27]} Kg7 {[%clk 0:39:38]} 49. Qd4+ {[%clk 0:18:26]} Kg8
{[%clk 0:39:35]} 50. Qd8+ {[%clk 0:16:42]} Kg7 {[%clk 0:39:57]} 51. Qe7+
{[%clk 0:16:43]} Kg8 {[%clk 0:40:12]} 52. Qd8+ {[%clk 0:13:20]} Kg7
{[%clk 0:40:27]} 53. Qc7+ {[%clk 0:13:14]} Kg8 {[%clk 0:40:46]} 54. Kb2
{[%clk 0:13:24]} Rh1 {[%clk 0:39:10]} 55. Rxh1 {[%clk 0:12:55]} Qxh1
{[%clk 0:39:34]} 56. a4 {[%clk 0:12:57]} Qd5 {[%clk 0:37:08]} 57. Qb6
{[%clk 0:11:39]} Kf7 {[%clk 0:34:29]} 58. a5 {[%clk 0:10:58]} Ke7
{[%clk 0:34:04]} 59. a6 {[%clk 0:09:14]} Kd7 {[%clk 0:30:22]} 60. a7
{[%clk 0:08:38]} 1-0

[Event "George Trundle NZ Qualifiers 2017"]
[Site "Auckland, NZL"]
[Date "2017.10.04"]
[Round "5.5"]
[White "Zhang, Jasmine Haomo"]
[Black "James, Jack"]
[Result "1/2-1/2"]
[BlackElo "2062"]
[WhiteElo "1826"]
[LiveChessVersion "1.4.8"]

1. d4 {[%clk 1:30:47]} Nf6 {[%clk 1:30:42]} 2. c4 {[%clk 1:30:55]} c6
{[%clk 1:30:54]} 3. Nc3 {[%clk 1:30:57]} d5 {[%clk 1:31:17]} 4. cxd5
{[%clk 1:29:23]} cxd5 {[%clk 1:31:40]} 5. Nf3 {[%clk 1:29:47]} e6
{[%clk 1:32:04]} 6. Bg5 {[%clk 1:29:10]} Be7 {[%clk 1:29:52]} 7. e3
{[%clk 1:29:25]} a6 {[%clk 1:30:03]} 8. Bd3 {[%clk 1:29:40]} Nbd7
{[%clk 1:29:52]} 9. Rc1 {[%clk 1:28:50]} b5 {[%clk 1:29:57]} 10. a3
{[%clk 1:28:41]} Bb7 {[%clk 1:30:04]} 11. Qe2 {[%clk 1:26:41]} O-O
{[%clk 1:27:33]} 12. O-O {[%clk 1:27:02]} Rc8 {[%clk 1:19:22]} 13. h3
{[%clk 1:24:34]} Ne4 {[%clk 1:12:39]} 14. Bxe7 {[%clk 1:22:43]} Qxe7
{[%clk 1:12:43]} 15. Nb1 {[%clk 1:16:42]} Qd6 {[%clk 1:05:08]} 16. Nbd2
{[%clk 1:10:35]} b4 {[%clk 0:51:04]} 17. a4 {[%clk 0:55:26]} b3 {[%clk 0:50:22]}
18. Nxb3 {[%clk 0:49:03]} Qb4 {[%clk 0:48:53]} 1/2-1/2